ბათუმის შოთა რუსთაველის სახელმწიფო უნივერსიტეტის ბიბლიოთეკა

PHP and MySQL Web Development / (ბიბ.ჩანაწერი № 54304)

000 -LEADER
fixed length control field 00860nam a2200265Ia 4500
001 - CONTROL NUMBER
control field 21360
003 - CONTROL NUMBER IDENTIFIER
control field GE_BSU
005 - DATE AND TIME OF LATEST TRANSACTION
control field 20240123144840.0
008 - FIXED-LENGTH DATA ELEMENTS--GENERAL INFORMATION
fixed length control field 181216s2017||||enk|||||||||||||| ||eng||
020 ## - INTERNATIONAL STANDARD BOOK NUMBER
International Standard Book Number 9780321833891x
040 ## - CATALOGING SOURCE
Transcribing agency GE_BSU
041 ## - LANGUAGE CODE
Language code of text/sound track or separate title eng
080 ## - UNIVERSAL DECIMAL CLASSIFICATION NUMBER
Universal Decimal Classification number 004.41 W-50
100 ## - MAIN ENTRY--PERSONAL NAME
Personal name Welling, Luke
9 (RLIN) 12780
245 ## - TITLE STATEMENT
Title PHP and MySQL Web Development /
Statement of responsibility, etc. Luke Welling, Laura Thomson; Editor M. Taber.
250 ## - EDITION STATEMENT
Edition statement Fifth edition
264 ## - PRODUCTION, PUBLICATION, DISTRIBUTION, MANUFACTURE, AND COPYRIGHT NOTICE
Place of production, publication, distribution, manufacture Hoboken :
Name of producer, publisher, distributor, manufacturer Addison-Wesley,
Date of production, publication, distribution, manufacture, or copyright notice 2017.
300 ## - PHYSICAL DESCRIPTION
Extent 652 p. ;
Dimensions 23 cm.
653 ## - INDEX TERM--UNCONTROLLED
keyword კომპიუტერული პროგრამის ენა
653 ## - INDEX TERM--UNCONTROLLED
keyword ვებ საიტის განვითარება
700 ## - ADDED ENTRY--PERSONAL NAME
Personal name Thomson, Laura
Relator term ავტორი
9 (RLIN) 12781
700 ## - ADDED ENTRY--PERSONAL NAME
Personal name Taber, M.
Relator term რედაქტორი
9 (RLIN) 12782
942 ## - ADDED ENTRY ELEMENTS (KOHA)
Koha item type წიგნი
Source of classification or shelving scheme
ეგზემპლარები
Withdrawn status Lost status Source of classification or shelving scheme Damaged status Not for loan Permanent Location Current Location Shelving location Date acquired Cost, normal purchase price Full call number Barcode Date last seen Copy number Price effective from Koha item type Public note
          ბათუმის შოთა რუსთაველის სახელმწიფო უნივერსიტეტის მთავარი ბიბლიოთეკა ბათუმის შოთა რუსთაველის სახელმწიფო უნივერსიტეტის მთავარი ბიბლიოთეკა წიგნსაცავი 2018-12-17 120.00 004.41 W-50 55298 2018-12-17 55298 2018-12-17 წიგნი 120.00 GEL.
          ბათუმის შოთა რუსთაველის სახელმწიფო უნივერსიტეტის მთავარი ბიბლიოთეკა ბათუმის შოთა რუსთაველის სახელმწიფო უნივერსიტეტის მთავარი ბიბლიოთეკა წიგნსაცავი 2018-12-17 120.00 004.41 W-50 55299 2018-12-17 55299 2018-12-17 წიგნი 120.00 GEL.
          ბათუმის შოთა რუსთაველის სახელმწიფო უნივერსიტეტის მთავარი ბიბლიოთეკა ბათუმის შოთა რუსთაველის სახელმწიფო უნივერსიტეტის მთავარი ბიბლიოთეკა წიგნსაცავი 2024-01-23 195.00 004.41 W-50 67156 2024-01-23 67156 2024-01-23 წიგნი 195ლ.